000 00577 a2200193 4500
001 63954
005 20260521160827.0
008 260521a1967 arg spa d
003 AR-UNSa-BCEJYS
040 _aAR-UNSa-BCEJYS
_bspa
_cAR-UNSa-BCEJYS
080 _a658.15
_xAdministración financiera privada. Gestión financiera de empresas
245 1 0 _aLa gestión de la tesoreria
264 1 _aBarcelona :
_bSagitario
_c1967
300 _a233 p.
_c22 cm.
041 _aspa
942 _cBK
590 _aniveau_biblio:m niveau_hierar:0
100 1 _aIbáñez Ballano, Ricardo
999 _c36432
_d36432